| 000 | 00629nam a2200241Ia 4500 | ||
|---|---|---|---|
| 003 | OSt | ||
| 005 | 20220923225137.0 | ||
| 006 | a|||||r|||| 00| 0 | ||
| 007 | ta | ||
| 008 | NEP | ||
| 024 | _a258,312 | ||
| 037 | _cTextual | ||
| 040 |
_aARTS _cARTS _bNEP |
||
| 041 |
_2NEP _aNEP |
||
| 082 | _aO1595,1x, L7 | ||
| 245 | 0 | _aसाझा कविता | |
| 246 | _aSāzā kavitā | ||
| 260 |
_aनेपाल _b साझ प्रकाशन _c1977 |
||
| 300 |
_a348पृ0 _ccm. |
||
| 650 |
_aनेपाली साहित्य _9156264 |
||
| 942 |
_hO1595,1x, L7 _cTEXL _2CC |
||
| 999 |
_c376351 _d376351 |
||